Balaguer y Leonel : (Registro nro. 13700)

Detalles MARC
000 -LIDER
fixed length control field 02743nam a2200397 a 4500
003 - IDENTIFICACDOR DE NÚMERO DE CONTROL
control field
005 - DATE AND TIME OF LATEST TRANSACTION
control field 20220630105157.0
008 - ELEMENTOS DE LONGITUD FIJA
fixed length control field 090717s2011 dr ac 001 0 spa d
020 ## - ISBN
International Standard Book Number 9789945004106
040 ## - FUENTE DE CATALOGACIÓN
Agencia que crea de manera original el registro BPMSU
Idioma de catalogación spa
Agencia que realiza la transcripción BPMSU
082 ## - NÚMERO DE CLASIFICACIÓN DECIMAL DE DEWEY
Classification number 321.8
Item number R173B 2011
Edition number 22
092 ## - LOCALLY ASSIGNED DEWEY DECIMAL CALL NUMBER
Número de clasificación 361.61
Número de ítem (Cutter) J62b
100 1# - ASIENTO PRINCIPAL -- NOMBRE PERSONAL
Nombre personal Ramírez Morillo, Belarminio
245 00 - MENCIÓN DE TITULO
Título Balaguer y Leonel :
Subtítulo animales políticos en la jungla dominicana /
Mención de responsabilidad Belarminio Ramírez Morillo
260 ## - PUBLICACIÓN, DISTRIBUCIÓN, ETC. (PIE DE IMPRENTA)
Lugar de publicación, distribución, etc Santo Domingo :
Nombre del editor, distribuidor, etc. Fundación de Estudios Sociopolíticos, Jurídicos y Económicos,
Fecha de publicación, distribución, etc 2011
300 ## - DESCRIPCIÓN FÍSICA
Extensión 778 p. :
Otros detalles físicos il., retrs. ;
Dimensiones 23 p.
500 ## - NOTA GENERAL
Nota general Incluye índice onomástico
505 ## - NOTA DE CONTENIDO
Campo enlazado y núm. de secuencia Contenidos parciales:<br/>JOAQUÍN BALAGUER: AVE FENIX -- Génesis de un liderazgo 31 -- Balaguer en la era de Trujillo 65 -- La transición democrática 139 -- Las ideas políticas de Balaguer 171 -- Construyendo el estado prospero y democrático 199 -- Perfiles de su personalidad 245 -- El tribunal de la historia 303 -- LEONEL FERNANDEZ REYNA: PRECURSOR DE LA SOCIEDAD DEL CONOCIMIENTO -- Naturaleza del liderazgo de Leonel Fernández 341 -- Leonel Fernández el estadista 439 -- El líder político partidista 501 -- La política internacional de Leonel Fernández 549 -- Consolidación democrática y estado social de derecho 579 -- EL IDEARIO DE LEONEL FERNANDEZ REYNA 623 -- El pensamiento político de Leonel Fernández Reyna 625 -- Las ideas sobre política internacional de Leonel Fernández Reyna 651 -- El pensamiento jurídico de Leonel Fernández Reyna 669 -- El pensamiento económico de Leonel Fernández Reyna 681 -- El pensamiento histórico de Leonel Fernández Reyna 705 -- El pensamiento social de Leonel Fernández Reyna 719 -- El pensamiento de Leonel Fernández Reyna sobre la educación 727 -- Las ideas de Leonel Fernández Reyna sobre las tecnologías 737 -- Las ideas de Leonel Fernández Reyna sobre el medio ambiente y los recursos naturales 745
600 14 - ENCABEZAMIENTO DE MATERIA--NOMBRE PERSONAL
Nombre personal Balaguer Joaquín
Fechas asociadas con el nombre 1906-2002
Subdivisión temática general Pensamiento político
600 14 - ENCABEZAMIENTO DE MATERIA--NOMBRE PERSONAL
Nombre personal Fernández, Leonel
Fechas asociadas con el nombre 1953-
Subdivisión temática general Pensamiento político
650 #4 - ENCABEZAMIENTO DE MATERIA--TEMÁTICO
Término temático o nombre geográfico como elemento de entrada Partidos políticos
Subdivisión geográfica República Dominicana
Subdivisión temática general
650 #4 - ENCABEZAMIENTO DE MATERIA--TEMÁTICO
Término temático o nombre geográfico como elemento de entrada Presidentes
Subdivisión geográfica República Dominicana
650 #4 - ENCABEZAMIENTO DE MATERIA--TEMÁTICO
Término temático o nombre geográfico como elemento de entrada Estadistas dominicanos
650 #4 - ENCABEZAMIENTO DE MATERIA--TEMÁTICO
Término temático o nombre geográfico como elemento de entrada Democracia
Subdivisión geográfica República Dominicana
651 #4 - ENCABEZAMIENTO DE MATERIA--NOMBRE GEOGRÁFICO
Nombre geográfico Respública Dominicana
Subdivisión temática general Política y gobierno
651 #4 - ENCABEZAMIENTO DE MATERIA--NOMBRE GEOGRÁFICO
Nombre geográfico República Dominicana
Subdivisión temática general Integración económica.
710 1# - ASIENTO SECUNDARIO -- NOMBRE CORPORATIVO
Nombre corporativo o de jurisdicción Fundación Joaquín Balaguer (República Dominicana)
910 ## - VALIDACIÓN
Validación VMateo V
942 ## - ADDED ENTRY ELEMENTS (KOHA)
Source of classification or shelving scheme Dewey Decimal Classification
Koha item type Libros
945 ## - INFORMACIÓN DE PROCESAMIENTO LOCAL
Información de procesamiento local Título remanejado para la BNPHU
956 ## - LOCAL ELECTRONIC LOCATION AND ACCESS (OCLC)
Nombre de host
Número de acceso
Información de compresión
Inicio de sesión
Procesador de solicitud
956 ## - LOCAL ELECTRONIC LOCATION AND ACCESS (OCLC)
Nombre de host
Número de acceso
Información de compresión
Inicio de sesión
Procesador de solicitud
956 ## - LOCAL ELECTRONIC LOCATION AND ACCESS (OCLC)
Nombre de host
Número de acceso
Información de compresión
Inicio de sesión
Procesador de solicitud
956 ## - LOCAL ELECTRONIC LOCATION AND ACCESS (OCLC)
Nombre de host
Número de acceso
Información de compresión
Inicio de sesión
Procesador de solicitud
956 ## - LOCAL ELECTRONIC LOCATION AND ACCESS (OCLC)
Nombre de host VMATEO
Número de acceso 10
Información de compresión 20150728
Inicio de sesión BPMSU
Procesador de solicitud 00151
Existencias
Withdrawn status Lost status Source of classification or shelving scheme Damaged status Not for loan Collection code Home library Current library Date acquired Source of acquisition Total Checkouts Full call number Barcode Date last seen Price effective from Koha item type Copy number
    Dewey Decimal Classification     Colección Dominicana Biblioteca Pública Metropolitana Salomé Ureña Biblioteca Pública Metropolitana Salomé Ureña 09/01/2021 BNPHU   BPMSU CD 321.8 R173B 2011 BPMSU21090018 09/01/2021 09/01/2021 Libros  
    Dewey Decimal Classification     Colección Dominicana Biblioteca Pública Metropolitana Salomé Ureña Biblioteca Pública Metropolitana Salomé Ureña 09/01/2021 BNPHU   BPMSU CD 321.8 R173B 2011 BPMSU21090019 09/01/2021 09/01/2021 Libros e.2